The collected poems / (Record no. 63152)

MARC details
000 -LEADER
fixed length control field 01097nam a22002297a 4500
005 - DATE AND TIME OF LATEST TRANSACTION
control field 20120216122340.0
010 ## - LCCN (DPL NO)
LC control number B-453836-838
020 ## - INTERNATIONAL STANDARD BOOK NUMBER
International Standard Book Number 9780140255720
Terms of availability 425.00
035 ## - SYSTEM CONTROL NUMBER
System control number B-453836-838
037 ## - SOURCE OF ACQUISITION
Source of stock number/acquisition R.B.C/VEN
082 ## - DEWEY DECIMAL CLASSIFICATION NUMBER
Classification number 881
100 ## - MAIN ENTRY--PERSONAL NAME
Personal name Seth,Vikram
245 ## - TITLE STATEMENT
Title The collected poems /
Statement of responsibility, etc by Vikram Seth
260 ## - PUBLICATION, DISTRIBUTION, ETC. (IMPRINT)
Place of publication, distribution, etc New Delhi
Name of publisher, distributor, etc Penguin Books
Date of publication, distribution, etc 1999
270 ## - ADDRESS
Address 11, Community Center,Panchsheel Park,
City New Delhi
Postal code 110017
300 ## - PHYSICAL DESCRIPTION
Extent xxxii,428p
Dimensions 22cm(pbk)
942 ## - ADDED ENTRY ELEMENTS (KOHA)
Source of classification or shelving scheme Dewey Decimal Classification
Item type English Books
Call number suffix SET
Classification part 881
Holdings
Withdrawn status Lost status Not for loan Collection code Home library Current library Date acquired Source of acquisition Cost, normal purchase price Full call number Barcode Copy number Cost, replacement price Koha item type
      Non-fiction Central Library Central Library 22/02/2012 RBC Pub/26777/20.10.2011/07/15.09.11/30.11.11 425.00 881 SET B-453836 1 425.00 English Books
      Non-fiction Patel Nagar Patel Nagar 22/02/2012 RBC Pub/26777/20.10.2011/07/15.09.11/30.11.11 425.00 881 SET B-453837 1 425.00 English Books
      Non-fiction Sarojini Nagar Sarojini Nagar 22/02/2012 RBC Pub/26777/20.10.2011/07/15.09.11/30.11.11 425.00 881 SET B-453838 1 425.00 English Books

© Delhi Public Library
Hit Counter
free hit counter